Diversification into non-agricultural activities under the conditions of Slovakia

Analýza diverzifikácie smerom k nepoľnohospodárskym činnostiam v poľnohospodárstve Slovenska. Popis diverzifikačných aktivít podľa cenzového zisťovania. V roku 2007 každá tretia farma vykazovala iné zárobkové činnosti.

Salvato in:
Dettagli Bibliografici
Autore principale: Buchta, Stanislav
Altri autori: Federičová, Zuzana
Natura: Capitolo di libro
Lingua:inglese
Soggetti:
Tags: Aggiungi Tag
Nessun Tag, puoi essere il primo ad aggiungerne!!

MARC

LEADER 00000naa$a2200000$$$4500
001 0116680
005 20231129065837.3
041 0 |a eng 
044 |a SK 
245 1 0 |a Diversification into non-agricultural activities under the conditions of Slovakia  |c Stanislav Buchta, Zuzana Federičová 
520 |a Analýza diverzifikácie smerom k nepoľnohospodárskym činnostiam v poľnohospodárstve Slovenska. Popis diverzifikačných aktivít podľa cenzového zisťovania. V roku 2007 každá tretia farma vykazovala iné zárobkové činnosti. 
610 2 0 |a poľnohospodárstvo 
610 2 0 |a farmy 
610 2 0 |a podnikanie 
610 2 0 |a diverzifikácia 
100 1 |a Buchta, Stanislav 
700 1 |a Federičová, Zuzana